000 00339nam a2200133Ia 4500
005 20251222143118.0
008 251222s9999||||xx |||||||||||||| ||spa||
020 _a9972-9194-0-4
082 _a264.26/N61
100 _aNiño de Guzmán, Guillermo
245 0 _aEl Señor de los Milagros
264 _bFundación Telefónica
942 _cLIB
999 _c11415
_d11415